| 000 | 00441nam a2200181Ia 4500 | ||
|---|---|---|---|
| 001 | 14443 | ||
| 005 | 20260306164914.0 | ||
| 008 | 260306t1995||||xx |||||||||||||| ||spa|| | ||
| 041 | _aESP | ||
| 082 |
_a515 _bM28 |
||
| 100 |
_aMaturana A., Valentin _eAUT |
||
| 245 | 0 |
_aTécnicas del cálculo: _bproblemas resueltos |
|
| 260 | _c1995 | ||
| 300 |
_a258 páginas : _c25 cm. |
||
| 650 | _aGEN | ||
| 654 | _aCMA | ||
| 942 |
_cLIB _dJUS _fJUS _2ddc _n |
||
| 999 |
_c14443 _d14443 |
||